| 000 | 00618nam a22002177a 4500 | ||
|---|---|---|---|
| 003 | OSt | ||
| 005 | 20150106153216.0 | ||
| 008 | 150106b xxu||||| |||| 00| 0 eng d | ||
| 020 | _a1853393533 | ||
| 040 | _cDNLM | ||
| 082 | _aWA 546 H771t 2001 | ||
| 100 |
_aHope Anne _92265 |
||
| 245 |
_aTraining for transformation: A handbook for community workers / _cAnne Hope and Sally Timmel |
||
| 250 | _bBook 1 | ||
| 260 |
_aUK: _bITDG PUBLISHING ; _c2001. |
||
| 300 |
_a177: _bill; _c30 cm. |
||
| 504 | _aIncludes bibliographical references | ||
| 650 | _2Transformation | ||
| 700 |
_aTimmel Sally _92266 |
||
| 942 |
_2z _cSLOAN |
||
| 999 |
_c841 _d841 |
||